Riding the full moon and other poems in Filipino and Spanish / (Record no. 117720)
[ view plain ]
| 000 -LEADER | |
|---|---|
| fixed length control field | 00509nam a2200169Ia 4500 |
| 005 - DATE AND TIME OF LATEST TRANSACTION | |
| control field | 20140617141845.0 |
| 008 - FIXED-LENGTH DATA ELEMENTS--GENERAL INFORMATION | |
| fixed length control field | 140529s9999 xx 000 0 und d |
| 020 ## - INTERNATIONAL STANDARD BOOK NUMBER | |
| International Standard Book Number | 9789712721236 |
| 050 ## - LIBRARY OF CONGRESS CALL NUMBER | |
| Classification number | PL 5539.L41 |
| Item number | .L286 2008 |
| 100 ## - MAIN ENTRY--PERSONAL NAME | |
| Personal name | Lanot, Marra PL. |
| 245 ## - TITLE STATEMENT | |
| Title | Riding the full moon and other poems in Filipino and Spanish / |
| Statement of responsibility, etc | by Marra PL. Lanot |
| 260 ## - PUBLICATION, DISTRIBUTION, ETC. (IMPRINT) | |
| Place of publication, distribution, etc | Manila, Philippines : |
| Name of publisher, distributor, etc | Anvil, |
| Date of publication, distribution, etc | c2008. |
| 300 ## - PHYSICAL DESCRIPTION | |
| Extent | 93 p. ; |
| Dimensions | 19 cm. |
| 521 ## - TARGET AUDIENCE NOTE | |
| Target audience note | |
| 942 ## - ADDED ENTRY ELEMENTS (KOHA) | |
| Call number prefix | Local |
| Koha item type | Books |
| Source of classification or shelving scheme | Library of Congress Classification |
| Withdrawn status | Lost status | Damaged status | Home library | Current library | Shelving location | Date acquired | Cost, normal purchase price | Total Checkouts | Full call number | Barcode | Date last seen | Price effective from | Koha item type |
|---|---|---|---|---|---|---|---|---|---|---|---|---|---|
| College Library | College Library | Filipiniana Section | 05/30/2014 | 395.00 | PL 5539.L41 .L286 2008 | C16798 | 05/08/2018 | 05/30/2014 | Books |